000 00249nam a2200109Ia 4500
005 20251222114355.0
008 251222s1900||||xx |||||||||||||| ||spa||
082 _aDVD0070/K26/2002
245 0 _aHombre sin pasado
264 _bSputnik Oy
942 _cDVD
999 _c1402
_d1402